| 000 | 00611nam a22002055i 4500 | ||
|---|---|---|---|
| 001 | 48836 | ||
| 003 | ES-MaACL | ||
| 007 | t| | ||
| 008 | 950907s1867 gw ||||1| eng d | ||
| 040 |
_aCAM _bspa _cCAM |
||
| 100 | 1 |
_aDixon, William Hepworth. _944910 |
|
| 245 | 1 | 0 |
_aNew America / _cby William Hepworth Dixon. |
| 260 |
_aLeipzig : _bBernhard Tauchnitz, _c1867. |
||
| 300 |
_a1 v. ; _c16 cm. |
||
| 490 | 1 |
_aCollection of British authors ; _v928-929 |
|
| 505 | 8 | _aContiene 2 t. en 1 v. | |
| 830 | 0 |
_aCollection of British authors ; _v928-929 _9180703 |
|
| 852 |
_aES-MaACL _jG-12381 |
||
| 999 |
_c48836 _d48836 |
||